00589nam a2200169Ia 4500003000900000008004100009020001800050040001600068080001700084110003900101245010400140260005700244300001500301490006500316650001900381650001900400IN-BaIIA211028s9999 xx 000 0 eng d a0-87891-518-4 cIIA Library a512.743bREA aResearch and Education Association 0aREA's problem solversblinear algebracResearch and Education Association  aNew JerseybResearch and Education Associationc1993 axii,1011p. aREA's problem solvers : A complete solution guide to any tex aLinear Algebra aNASA Thesaurus